header

Programming Microsoft Dynamics NAV (Record no. 137203)

MARC details
000 -LEADER
fixed length control field 01239nam a2200289Ia 4500
082 04 - DEWEY DECIMAL CLASSIFICATION NUMBER
Classification number 658.7/0285/55
100 1# - MAIN ENTRY--AUTHOR NAME
Personal name Studebaker, David.
245 10 - TITLE STATEMENT
Title Programming Microsoft Dynamics NAV
260 ## - PUBLICATION, DISTRIBUTION, ETC. (IMPRINT)
Place of publication Birmingham, U.K. :
Name of publisher Packt Publishing Ltd.,
Year of publication 2007.
300 ## - PHYSICAL DESCRIPTION
Number of Pages x, 459 p. :
Other physical details ill.
500 ## - GENERAL NOTE
General note Includes index.
650 #0 - SUBJECT ADDED ENTRY--TOPICAL TERM
Topical Term Business logistics
Topical Term Management information systems.
856 40 - ELECTRONIC LOCATION AND ACCESS
Uniform Resource Identifier http://site.ebrary.com/lib/rucke/Doc?id=10448360

No items available.

© 2026 Rongo University
Contact us: librarian | system librarian | Rongo university